[Event "34th Chess Olympiad (men)"]
[Site "Istanbul"]
[Date "2000.11.05"]
[Round "8.1.1"]
[White "Van, Wely Loek"]
[Black "Jussupow, Artur"]
[WhiteElo "2643"]
[BlackElo "2610"]
[WhiteCountry "NED"]
[BlackCountry "GER"]
[Result "0-1"]

1. d4 Nf6 2. c4 e6 3. Nf3 d5 4. g3 Bb4+ 5. Bd2 Be7 6. Bg2 O-O 7. O-O c6 
8. Qc2 Nbd7 9. Rd1 b6 10. Bf4 Bb7 11. Nc3 Nh5 12. Bc1 f5 13. Ne5 Rc8 
14. cxd5 cxd5 15. Qa4 Nxe5 16. dxe5 a6 17. Be3 f4 18. Bd4 Rc4 19. Qxc4 dxc4 
20. Bxb7 fxg3 21. hxg3 Qc7 22. Bf3 g6 23. Ne4 Ng7 24. b3 Nf5 25. Bb2 b5 
26. Rac1 Qa5 27. bxc4 Qxa2 28. Rd2 Rd8 29. Rxd8+ Bxd8 30. cxb5 Qxb2 
31. Rc8 axb5 32. Rxd8+ Kf7 33. Rd7+ Kf8 34. Rxh7 Qxe5 35. e3 Ne7 36. Kg2 b4 
37. Nd2 Qb2 38. Nc4 Qc3 39. Nd6 Nf5 40. Rf7+ Kg8 41. Rd7 Nxd6 42. Rxd6 Kf7 
43. Be4 b3 44. Rb6 Qc4 45. Kf3 Qf1 46. Rb4 b2 47. Bc2 Qc1 48. Bd3 Qd1+ 
49. Ke4 Qg4+ 50. f4 Qf5+ 51. Kd4 Qd5+ 52. Kc3 Qc5+ 53. Bc4 Qxb4+ 54. Kd4 
0-1

[Event "34th Chess Olympiad (men)"]
[Site "Istanbul"]
[Date "2000.11.05"]
[Round "8.1.2"]
[White "Huebner, Robert Dr."]
[Black "Piket, Jeroen"]
[WhiteElo "2615"]
[BlackElo "2649"]
[WhiteCountry "GER"]
[BlackCountry "NED"]
[Result "1/2-1/2"]

1. d4 Nf6 2. c4 e6 3. Nf3 d5 4. Bg5 h6 5. Bxf6 Qxf6 6. Nc3 Bb4 7. e3 c5 
8. cxd5 exd5 9. Be2 O-O 10. O-O Bxc3 11. bxc3 c4 12. Nd2 Bf5 13. f3 Qc6 
14. e4 Be6 15. a4 Na6 16. e5 Nc7 17. f4 f5 18. Qc2 a5 19. Rfb1 Rfb8 20. Nf1 b5 
21. axb5 Rxb5 22. Ne3 a4 23. Nxf5 Rxb1+ 24. Qxb1 Bxf5 25. Qxf5 a3 26. Bd1 a2 
27. Bc2 Qb6 28. Rxa2 Rxa2 29. Qc8+ 
1/2-1/2

[Event "34th Chess Olympiad (men)"]
[Site "Istanbul"]
[Date "2000.11.05"]
[Round "8.1.3"]
[White "Van, Der Sterren Paul"]
[Black "Dautov, Rustem"]
[WhiteElo "2569"]
[BlackElo "2606"]
[WhiteCountry "NED"]
[BlackCountry "GER"]
[Result "0-1"]

1. Nf3 Nf6 2. c4 c6 3. Nc3 d5 4. d4 a6 5. a4 e6 6. Bg5 Nbd7 7. e3 Qa5 
8. Nd2 Bb4 9. Qc2 c5 10. Be2 cxd4 11. exd4 dxc4 12. Bxf6 Nxf6 13. Nxc4 Qc7 
14. a5 O-O 15. O-O Bd7 16. Nb6 Rad8 17. Qb3 Bd6 18. g3 Bc6 19. Bc4 Rfe8 
20. Rfd1 Bf3 21. Rd3 Bh5 22. Re1 Bf8 23. h3 h6 24. Ree3 Qd6 25. Re5 Qc7 
26. Ree3 Qd6 27. Re5 Bg6 28. Rd1 Qb4 29. Qxb4 Bxb4 30. Bf1 Nd7 31. Nxd7 Rxd7 
32. Bg2 f6 33. Re3 Bxa5 34. Na4 Bb4 35. Nb6 Rdd8 36. Bf3 Re7 37. h4 Kf8 
38. h5 Bf7 39. Kg2 e5 40. dxe5 Rxd1 41. Bxd1 Bc5 42. exf6 Rxe3 43. Nd7+ Ke8 
44. Nxc5 Bd5+ 45. Kh3 Re1 46. Ba4+ b5 47. Bc2 gxf6 48. Nxa6 Ke7 49. b4 Bc4 
50. f3 Rh1+ 51. Kg4 Be6+ 52. Kf4 Rxh5 53. g4 Rh2 54. Bd3 Bc4 55. Be4 Ra2 
56. Nc5 Rb2 57. Na6 Rb3 58. Bc2 Ra3 59. Nc5 Bd5 60. Bd3 Bc4 61. Be4 Ra4 
62. Kf5 Rxb4 63. Kg6 Rb2 64. Kxh6 b4 65. g5 Rh2+ 66. Kg6 Bf7+ 67. Kf5 fxg5 
0-1

[Event "34th Chess Olympiad (men)"]
[Site "Istanbul"]
[Date "2000.11.05"]
[Round "8.1.4"]
[White "Lutz, Christopher"]
[Black "Nijboer, Friso"]
[WhiteElo "2595"]
[BlackElo "2537"]
[WhiteCountry "GER"]
[BlackCountry "NED"]
[Result "1/2-1/2"]

1. e4 c5 2. Nf3 Nc6 3. Bb5 e6 4. Bxc6 bxc6 5. d3 Ne7 6. Ng5 h6 7. Nh3 e5 
8. f4 d5 9. Qf3 Bxh3 10. Qxh3 exf4 11. Bxf4 Ng6 12. Bg3 dxe4 13. Nc3 exd3 
14. O-O-O c4 15. Qg4 Qg5+ 16. Qxg5 hxg5 17. Rhe1+ Be7 18. Re4 f5 19. Rxc4 f4 
20. Be1 Rxh2 21. Rxc6 Kf7 22. cxd3 Rxg2 23. Ne4 Rh8 24. Bc3 g4 25. Rc7 Rh5 
26. Rxa7 f3 27. a4 f2 28. Bd4 g3 29. Nxg3 Rxg3 30. Bxf2 Rg4 31. Kb1 Rd5 
32. a5 Ne5 33. Re1 Rg2 34. Rf1 Ke6 35. Ra6+ Bd6 36. Be1 Nxd3 37. Bc3 Nxb2 
38. Re1+ Kd7 39. Ra7+ Bc7 40. Be5 Rxe5 41. Rxe5 Na4 42. Kc1 Kd6 43. Re8 Nc5 
44. Kd1 Nb3 45. Rxc7 Kxc7 46. a6 Rg1+ 47. Ke2 Nd4+ 48. Kf2 Ra1 49. Re7+ Kd6 
50. Rxg7 Ra2+ 51. Kf1 Rxa6 52. Rg5 Ra2 53. Rh5 Ke6 54. Rc5 Nf3 55. Rc8 Kd5 
56. Rd8+ Ke4 57. Re8+ Ne5 58. Ke1 Kf4 59. Kd1 
1/2-1/2

[Event "34th Chess Olympiad (men)"]
[Site "Istanbul"]
[Date "2000.11.05"]
[Round "8.2.1"]
[White "Ftacnik, Lubomir"]
[Black "Khalifman, Alexander"]
[WhiteElo "2608"]
[BlackElo "2667"]
[WhiteCountry "SVK"]
[BlackCountry "RUS"]
[Result "1/2-1/2"]

1. d4 Nf6 2. Nf3 d5 3. c4 c6 4. Nc3 dxc4 5. a4 Bf5 6. Ne5 e6 7. f3 Bb4 
8. e4 Bxe4 9. fxe4 Nxe4 10. Qf3 Qxd4 11. Qxf7+ Kd8 12. Bg5+ Nxg5 13. Qxg7 Bxc3+ 
14. bxc3 Qxc3+ 15. Ke2 Qc2+ 16. Ke1 Qc3+ 
1/2-1/2

[Event "34th Chess Olympiad (men)"]
[Site "Istanbul"]
[Date "2000.11.05"]
[Round "8.2.3"]
[White "Timoscenko, Genadij"]
[Black "Rublevsky, Sergei"]
[WhiteElo "2529"]
[BlackElo "2670"]
[WhiteCountry "SVK"]
[BlackCountry "RUS"]
[Result "1/2-1/2"]

1. d4 d5 2. c4 dxc4 3. Nf3 e6 4. e3 c5 5. Bxc4 a6 6. O-O Nf6 7. dxc5 Qxd1 
8. Rxd1 Bxc5 9. b3 Nbd7 10. Bb2 b6 11. Nbd2 Bb7 12. Rac1 
1/2-1/2

[Event "34th Chess Olympiad (men)"]
[Site "Istanbul"]
[Date "2000.11.05"]
[Round "8.3.3"]
[White "Pelletier, Yannick"]
[Black "Minasian, Artashes"]
[WhiteElo "2474"]
[BlackElo "2595"]
[WhiteCountry "SUI"]
[BlackCountry "ARM"]
[Result "1/2-1/2"]

1. d4 g6 2. c4 Bg7 3. Nf3 c5 4. d5 d6 5. e4 e6 6. Nc3 Ne7 7. Be2 O-O 8. O-O e5 
9. a3 f5 10. Ne1 Nd7 11. f3 f4 12. Nd3 h5 13. b4 b6 14. a4 a5 15. bxa5 bxa5 
16. Nb5 Nb8 17. Kh1 g5 18. Ba3 Na6 19. Nxc5 dxc5 20. d6 Nc6 21. Qd5+ Rf7 
22. Nc7 Bb7 23. Ne6 Qf6 24. Nxc5 Ncb4 25. Qxb7 Rxb7 26. Nxb7 Rb8 27. c5 Rxb7 
28. Bxa6 Nxa6 29. c6 Ra7 30. Rfd1 Bf8 31. Rac1 Ra8 32. c7 Nxc7 33. dxc7 Bxa3 
34. c8=Q+ Rxc8 35. Rxc8+ Kf7 36. Rd7+ Be7 37. Rcc7 h4 38. Ra7 Ke8 39. Rdb7 Qd6 
40. h3 Qd8 41. Rb5 Qd4 42. Rbb7 Qc5 43. Kh2 Kf7 44. Rc7 Qd6 45. Rd7 Qe6 
46. Rd5 Qb6 47. Rdd7 Qc5 48. Rdc7 Qd6 49. Rd7 Qa3 50. Rxa5 Ke6 51. Rb7 Qd3 
52. Rb6+ Kf7 53. Ra7 Qd4 54. Rbb7 Qf2 55. Rxe7+ Kf6 56. Rf7+ 
1/2-1/2

[Event "34th Chess Olympiad (men)"]
[Site "Istanbul"]
[Date "2000.11.05"]
[Round "8.3.4"]
[White "Anastasian, Ashot"]
[Black "Jenni, Florian"]
[WhiteElo "2571"]
[BlackElo "2440"]
[WhiteCountry "ARM"]
[BlackCountry "SUI"]
[Result "1-0"]

1. c4 g6 2. d4 Nf6 3. g3 Bg7 4. Bg2 d6 5. Nc3 O-O 6. Nf3 Nc6 7. O-O a6 
8. b3 Rb8 9. Nd5 Nh5 10. Bb2 e6 11. Nc3 b5 12. d5 Ne7 13. dxe6 fxe6 14. c5 dxc5 
15. Qc2 Nc6 16. Rad1 Nd4 17. Nxd4 cxd4 18. Ne4 e5 19. e3 Bf5 20. Qc5 Rf7 
21. Rd2 Qe7 22. exd4 Bxe4 23. Bxe4 exd4 24. Qc6 Rf6 25. Qc2 c5 26. b4 cxb4 
27. Rxd4 Rff8 28. Rfd1 Bxd4 29. Bd5+ Kg7 30. Rxd4 Nf6 31. Bb3 Rbe8 32. Qc6 Rc8 
33. Qf3 Rc3 34. Bxc3 bxc3 35. Qxc3 Rd8 36. Rf4 h5 37. h3 Qd6 38. Re4 Rd7 
39. Re6 Qd4 40. Qc6 Rf7 41. Rd6 Nd5 42. Bxd5 Qxf2+ 43. Kh1 Qxg3 44. Bxf7 Qe1+ 
45. Kg2 Qe2+ 46. Kg3 Qe3+ 47. Qf3 
1-0

[Event "34th Chess Olympiad (men)"]
[Site "Istanbul"]
[Date "2000.11.05"]
[Round "8.4.2"]
[White "Polgar, Judit (gm)"]
[Black "Smirin, Ilia"]
[WhiteElo "2656"]
[BlackElo "2677"]
[WhiteCountry "HUN"]
[BlackCountry "ISR"]
[Result "1-0"]

1. e4 g6 2. d4 Bg7 3. Nc3 d6 4. f4 Nf6 5. Nf3 O-O 6. Be3 b6 7. Qd2 c5 
8. O-O-O cxd4 9. Bxd4 Nc6 10. Bxf6 Bxf6 11. h4 Bg4 12. h5 Bxh5 13. Rxh5 gxh5 
14. Qd5 Rc8 15. Qxh5 Bg7 16. e5 Qe8 17. Qh3 h6 18. Bd3 Nb4 19. Be4 e6 
20. f5 Rxc3 21. f6 Qb5 22. Qg3 
1-0

[Event "34th Chess Olympiad (men)"]
[Site "Istanbul"]
[Date "2000.11.05"]
[Round "8.4.3"]
[White "Avrukh, Boris"]
[Black "Sax, Gyula"]
[WhiteElo "2625"]
[BlackElo "2563"]
[WhiteCountry "ISR"]
[BlackCountry "HUN"]
[Result "1-0"]

1. d4 Nf6 2. c4 e6 3. Nc3 Bb4 4. e3 b6 5. Nge2 c5 6. a3 Ba5 7. Rb1 Na6 
8. f3 O-O 9. d5 d6 10. e4 exd5 11. cxd5 b5 12. Ng3 b4 13. axb4 cxb4 14. Nb5 b3+ 
15. Bd2 Bxd2+ 16. Qxd2 Qb6 17. Ra1 Re8 18. Be2 Rb8 19. Qd4 Nc5 20. Nc3 Bd7 
21. O-O a5 22. Rfd1 Qc7 23. Nf1 Rb4 24. Qf2 Qb6 25. Nd2 Qc7 26. Nc4 a4 
27. Rd4 Rbb8 28. Rc1 Nb7 29. f4 Na5 30. Ra1 Nxc4 31. Rxc4 Qd8 32. Qd4 Qb6 
33. Bd3 Qxd4+ 34. Rxd4 Ra8 35. Ra3 Ra5 36. Rb4 Rc8 37. Rbxb3 Nh5 38. g3 f5 
39. Rb7 fxe4 40. Nxe4 Bg4 41. Nxd6 Rd8 42. Nf5 Kf8 43. Ne3 
1-0

[Event "34th Chess Olympiad (men)"]
[Site "Istanbul"]
[Date "2000.11.05"]
[Round "8.4.4"]
[White "Ruck, Robert"]
[Black "Huzman, Alexander"]
[WhiteElo "2489"]
[BlackElo "2574"]
[WhiteCountry "HUN"]
[BlackCountry "ISR"]
[Result "1/2-1/2"]

1. Nf3 c5 2. c4 Nc6 3. Nc3 e5 4. g3 g6 5. Bg2 Bg7 6. a3 Nge7 7. d3 d6 
8. O-O O-O 9. Rb1 a5 10. Ne1 Be6 11. Nc2 d5 12. cxd5 Nxd5 13. Ne3 Nde7 
14. Nc4 Rb8 15. Bg5 f6 16. Be3 b6 17. Qa4 Qc7 18. Rfc1 Kh8 19. Qd1 Qd8 
1/2-1/2

[Event "34th Chess Olympiad (men)"]
[Site "Istanbul"]
[Date "2000.11.05"]
[Round "8.5.1"]
[White "Torre, Eugenio"]
[Black "Ivanchuk, Vassily"]
[WhiteElo "2552"]
[BlackElo "2719"]
[WhiteCountry "PHI"]
[BlackCountry "UKR"]
[Result "0-1"]

1. d4 d5 2. c4 e6 3. Nf3 Nf6 4. Bg5 Bb4+ 5. Nbd2 dxc4 6. a3 Bxd2+ 7. Qxd2 c6 
8. a4 Nbd7 9. Qb4 h6 10. Bxf6 Qxf6 11. e3 a5 12. Qxc4 O-O 13. Be2 e5 
14. O-O exd4 15. Qxd4 Qe7 16. Rfd1 Nc5 17. Qd6 Qxd6 18. Rxd6 Bg4 19. Bc4 Bxf3 
20. gxf3 Rfd8 21. Rd4 Kf8 22. b3 Rxd4 23. exd4 Nd7 24. d5 Ne5 25. dxc6 bxc6 
26. Be2 Rb8 27. Rb1 Rb4 28. Kg2 Ke7 29. Re1 Kd6 30. Bd1 Rd4 31. Bc2 f6 
32. Kg3 g5 33. Rd1 Rxd1 34. Bxd1 Nd3 35. Bc2 Nf4 36. Kg4 Ke5 37. b4 axb4 
38. a5 h5+ 39. Kg3 Kd6 
0-1

[Event "34th Chess Olympiad (men)"]
[Site "Istanbul"]
[Date "2000.11.05"]
[Round "8.5.2"]
[White "Ponomariov, Ruslan"]
[Black "Antonio, Rogelio Jr"]
[WhiteElo "2630"]
[BlackElo "2547"]
[WhiteCountry "UKR"]
[BlackCountry "PHI"]
[Result "1-0"]

1. g4 g6 2. f4 e5 3. fxe5 dxe4 4. Nxe4 Nd7 5. Ng5 Ngf6 6. Bd3 e6 7. N1f3 Bd6 
8. Qe2 h6 9. Ne4 Nxe4 10. Qxe4 Qc7 11. O-O c5 12. Re1 c4 13. Bf1 Nf6 14. Qe2 b5 
15. a4 Bb7 16. axb5 Bd5 17. b3 cxb3 18. c4 Be4 19. c5 Be7 20. Ra3 Bd5 
21. Nd2 O-O 22. Nxb3 Nd7 23. Nd2 Bf6 24. Bb2 Rfe8 25. Ne4 Be7 26. Nc3 Nf6 
27. Nxd5 exd5 28. Re3 Bf8 29. Qf3 Re4 30. h3 Rf4 31. Qd1 Ne4 32. R1e2 Qd7 
33. g3 Rf6 34. Qd3 Rb8 35. c6 Qc8 36. Bg2 Nd6 37. Bxd5 Rxb5 38. Bg2 Qb8 
39. Ba3 a6 40. Qc2 Qc7 
1-0

[Event "34th Chess Olympiad (men)"]
[Site "Istanbul"]
[Date "2000.11.05"]
[Round "8.5.3"]
[White "Villamayor, Bong"]
[Black "Baklan, Vladimir"]
[WhiteElo "2495"]
[BlackElo "2599"]
[WhiteCountry "PHI"]
[BlackCountry "UKR"]
[Result "1/2-1/2"]

1. Nf3 c5 2. c4 Nf6 3. Nc3 Nc6 4. d4 cxd4 5. Nxd4 e6 6. g3 Qb6 7. Nb3 Ne5 
8. e4 Bb4 9. Qe2 d6 10. f4 Nc6 11. Be3 Bxc3+ 12. bxc3 Qc7 13. Bg2 O-O 
14. O-O b6 15. Nd4 Bb7 16. Nb5 Qe7 17. Rfd1 Ne8 18. Bc1 e5 19. Ba3 Rd8 
20. Rd5 exf4 21. gxf4 Na5 22. Rd4 Nc6 23. Rd5 Na5 24. Rd4 Nc6 
1/2-1/2

[Event "34th Chess Olympiad (men)"]
[Site "Istanbul"]
[Date "2000.11.05"]
[Round "8.5.4"]
[White "Eingorn, Vereslav S"]
[Black "Nadera, Barlo A"]
[WhiteElo "2586"]
[BlackElo "2403"]
[WhiteCountry "UKR"]
[BlackCountry "PHI"]
[Result "1-0"]

1. d4 Nf6 2. Nf3 e6 3. c4 d5 4. Bg5 c6 5. Nbd2 Nbd7 6. e3 Qa5 7. a3 Be7 
8. b4 Qd8 9. Bd3 h6 10. Bf4 a5 11. c5 g5 12. Bg3 O-O 13. h3 Ne8 14. O-O Ng7 
15. Nb3 axb4 16. axb4 Rxa1 17. Qxa1 f5 18. Qa5 f4 19. Qxd8 Bxd8 20. exf4 gxf4 
21. Bh4 Bc7 22. Re1 Kf7 23. g4 Re8 24. Nfd2 e5 25. f3 Ne6 26. Bf2 Ng5 
27. Kg2 Nf6 28. dxe5 Rxe5 29. Rxe5 Bxe5 30. Nd4 Ng8 31. N2b3 Ne7 32. Ne2 Bc7 
33. Nbd4 Be5 34. Be1 Ng6 35. Bxg6+ Kxg6 36. Bd2 Bxd4 37. Nxd4 Ne6 38. Nxe6 Bxe6 
39. Bxf4 d4 40. Be5 d3 41. Bc3 Bb3 42. f4 Bd1 43. f5+ Kf7 44. Kg3 Bc2 
45. Kh4 Kg8 46. Kg3 Kf7 47. Kf4 Bd1 48. h4 Bb3 49. g5 hxg5+ 50. hxg5 Bd5 
51. g6+ Ke7 52. Ke5 Bf3 53. f6+ Kf8 54. Bd2 Bd5 55. b5 Be4 56. Kxe4 
1-0

[Event "34th Chess Olympiad (men)"]
[Site "Istanbul"]
[Date "2000.11.05"]
[Round "8.6.2"]
[White "Georgiev, Kiril"]
[Black "Morovic, Fernandez Ivan"]
[WhiteElo "2661"]
[BlackElo "2608"]
[WhiteCountry "BUL"]
[BlackCountry "CRO"]
[Result "1-0"]

1. d4 f5 2. c4 c6 3. Nf3 Nf6 4. Nc3 e6 5. Qb3 Nbd7 6. Bg5 Be7 7. e3 O-O 
8. Rc1 Re8 9. a3 a6 10. cxd5 Nxd5 11. Bxe7 Qxe7 12. Be2 Nxc3 13. Qxc3 e5 
14. O-O exd4 15. Nxd4 Nf6 16. Rfd1 Ne4 17. Qa5 c5 18. Nc2 Rb8 19. f3 Nf6 
20. e4 b6 21. Qc3 b5 22. Ne3 c4 23. Rd4 Be6 24. f4 Bd7 25. e5 Bc6 26. Nf5 Qa7 
27. exf6 Rxe2 28. Ne7+ Rxe7 29. fxe7 Qxe7 30. Re1 Qa7 31. Qe3 Qa8 32. Qd2 h5 
33. Re7 Re8 34. Rxe8+ Bxe8 35. Rd8 Qe4 36. Kf2 Kf8 37. Qd6+ Kg8 38. Qe5 Qxe5 
39. fxe5 Kf8 40. Ra8 Ke7 41. Rxa6 
1-0

[Event "34th Chess Olympiad (men)"]
[Site "Istanbul"]
[Date "2000.11.05"]
[Round "8.6.3"]
[White "Cvitan, Ognjen"]
[Black "Delchev, Aleksander"]
[WhiteElo "2541"]
[BlackElo "2557"]
[WhiteCountry "CRO"]
[BlackCountry "BUL"]
[Result "1/2-1/2"]

1. Nf3 Nf6 2. c4 c5 3. g3 d5 4. d4 dxc4 5. Qa4+ Bd7 6. Qxc4 Bc6 7. dxc5 Bd5 
8. Qc2 e5 9. Bg2 Nbd7 10. Nc3 Bc6 11. b4 a5 12. b5 Bxf3 13. Bxf3 Bxc5 
14. O-O Qc7 15. e3 O-O 16. Bb2 Rac8 17. Rac1 Rfe8 18. Rfd1 Bf8 19. Qf5 Nc5 
20. Na4 b6 21. Ba3 e4 22. Be2 Re5 23. Qh3 Rd8 24. Bb2 Re6 25. Bd4 Qb8 
26. Bc4 Red6 27. Nc3 Ncd7 28. Qf5 Qb7 29. Bb3 Re8 30. h4 Nc5 31. Bxc5 Rxd1+ 
32. Rxd1 Bxc5 33. Nd5 Nxd5 34. Rxd5 g6 35. Rd7 gxf5 36. Bxf7+ Kg7 
37. Bxe8+ Qxd7 38. Bxd7 Kf6 39. a4 Ke5 40. Kg2 Bb4 41. g4 fxg4 42. Bxg4 Be7 
43. Kg3 h6 44. Bd1 Bd8 
1/2-1/2

[Event "34th Chess Olympiad (men)"]
[Site "Istanbul"]
[Date "2000.11.05"]
[Round "8.6.4"]
[White "Kolev, Atanas"]
[Black "Sulava, Nenad"]
[WhiteElo "2582"]
[BlackElo "2549"]
[WhiteCountry "BUL"]
[BlackCountry "CRO"]
[Result "1-0"]

1. d4 e6 2. e4 d5 3. Nd2 Nf6 4. e5 Ne4 5. Nxe4 dxe4 6. Bc4 a6 7. Ne2 c5 
8. c3 cxd4 9. cxd4 Bb4+ 10. Bd2 Bxd2+ 11. Qxd2 Nc6 12. Bb3 O-O 13. Rd1 Qb6 
14. O-O Bd7 15. Ng3 Na5 16. Bc2 Bb5 17. Rfe1 Nc4 18. Qg5 h6 19. Qg4 Nxb2 
20. Nh5 g6 21. Bxe4 Qd8 22. h4 Kh8 23. Qf4 g5 24. hxg5 Qxg5 25. Qxg5 hxg5 
26. Rb1 Nc4 27. Rb3 Rfd8 28. Rh3 Kg8 29. Nf6+ Kf8 30. Rh7 Ke7 31. Bg6 Rf8 
32. Ne4 Rad8 33. Nxg5 Be8 34. Nf3 Bc6 35. Be4 Bxe4 36. Rxe4 Rh8 37. Reh4 Rxh7 
38. Rxh7 b5 39. Kf1 b4 40. Ke2 a5 41. Kd3 Nb2+ 42. Kc2 Na4 43. Ng5 Rc8+ 
44. Kb3 Nb6 45. Rxf7+ Ke8 46. Rf3 Kd7 47. Ne4 Rc4 48. Rd3 a4+ 49. Kb2 Nd5 
50. Nc5+ Kc6 51. Nxa4 Nf4 52. Rd2 Nxg2 53. Kb3 Kb5 54. d5 Nf4 55. d6 Rc8 
56. Rd4 Nd5 57. d7 Rf8 58. Rxd5+ exd5 59. e6 Kc6 60. Nc5 
1-0

[Event "34th Chess Olympiad (men)"]
[Site "Istanbul"]
[Date "2000.11.05"]
[Round "8.7.1"]
[White "Adams, Michael"]
[Black "Krasenkow, Michal"]
[WhiteElo "2755"]
[BlackElo "2702"]
[WhiteCountry "ENG"]
[BlackCountry "POL"]
[Result "1/2-1/2"]

1. e4 c5 2. Nf3 Nc6 3. Bb5 e6 4. Bxc6 bxc6 5. d3 d6 6. e5 dxe5 7. Nxe5 Qd5 
8. Nf3 c4 9. Nc3 Bb4 10. Bd2 Bxc3 11. Bxc3 Ne7 12. dxc4 Qxc4 13. Nd2 Qd5 
14. Qg4 Nf5 15. b3 h5 16. Qf4 f6 17. O-O-O e5 18. Qb4 c5 19. Qa5 O-O 20. Nc4 
1/2-1/2

[Event "34th Chess Olympiad (men)"]
[Site "Istanbul"]
[Date "2000.11.05"]
[Round "8.7.2"]
[White "Markowski, Tomasz"]
[Black "Short, Nigel D"]
[WhiteElo "2568"]
[BlackElo "2677"]
[WhiteCountry "POL"]
[BlackCountry "ENG"]
[Result "0-1"]

1. d4 g5 2. g3 Nc6 3. c4 d4 4. Bg2 e5 5. O-O Nf6 6. d3 a5 7. e3 Be7 
8. exd4 exd4 9. Na3 Nd7 10. Re1 O-O 11. Nb5 Nc5 12. Bf4 Ne6 13. Rxe6 fxe6 
14. Bxc7 Qd7 15. Qe2 Bf6 16. Re1 Na7 17. Bd6 Rd8 18. Ne5 Bxe5 19. Bxe5 Nxb5 
20. cxb5 Qxb5 21. Qg4 Qd7 22. Re4 Qe7 23. Rf4 Rd5 24. Bxd5 exd5 25. Qe2 Bh3 
26. Qh5 Qe6 27. Qg5 Qd7 28. Rxd4 h6 29. Qe3 Re8 30. Rh4 Qf5 31. f4 Qc8 
32. Qd2 Re6 33. Bc3 Re7 34. Qf2 b5 35. Rh5 b4 36. Bd2 Qc2 37. Re5 Rxe5 
38. fxe5 Qxb2 39. e6 Bxe6 40. Qb6 Bf7 
0-1

[Event "34th Chess Olympiad (men)"]
[Site "Istanbul"]
[Date "2000.11.05"]
[Round "8.7.3"]
[White "Hodgson, Julian M"]
[Black "Socko, Bartosz"]
[WhiteElo "2640"]
[BlackElo "2528"]
[WhiteCountry "ENG"]
[BlackCountry "POL"]
[Result "1/2-1/2"]

1. d4 Nf6 2. Bg5 Ne4 3. Bf4 c5 4. d5 Qb6 5. Bc1 d6 6. f3 Nf6 7. e4 g6 
8. Ne2 Bg7 9. Nd2 O-O 10. Nc4 Qd8 11. Nc3 Na6 12. Be2 Nc7 13. a4 Rb8 14. O-O b6 
15. Bg5 Ba6 16. Qe1 e5 17. Nb5 Nxb5 18. axb5 Bxb5 19. Nxe5 Qe8 20. Bxb5 Qxe5 
21. Qc1 a5 22. c3 Qe7 23. Qf4 Qe5 24. Qxe5 dxe5 25. d6 h6 26. Bh4 Rfd8 
27. Rfd1 g5 28. Bg3 Ne8 29. d7 Nc7 30. Bc6 f6 31. b4 cxb4 32. cxb4 axb4 
33. Be1 Bf8 34. Rab1 Ne6 35. Bxb4 Bxb4 36. Rxb4 Nd4 37. Ba4 Kf8 38. Kf2 b5 
39. Bxb5 Rxd7 40. Bxd7 Rxb4 41. Rd2 h5 42. Ra2 Ke7 43. Bf5 Rb7 44. Bg6 h4 
45. Bf5 Rc7 46. Bg4 Kd6 47. g3 hxg3+ 48. hxg3 Rc2+ 49. Rxc2 Nxc2 50. Ke2 Kc5 
51. Kd3 Nb4+ 52. Kc3 Nc6 53. Bh5 Nd4 54. Kd3 Nb5 55. Bg4 Nd6 56. Be6 Kb4 
57. Bd5 Kb5 58. f4 gxf4 
1/2-1/2

[Event "34th Chess Olympiad (men)"]
[Site "Istanbul"]
[Date "2000.11.05"]
[Round "8.8.1"]
[White "Vescovi, Giovanni"]
[Black "Seirawan, Yasser"]
[WhiteElo "2526"]
[BlackElo "2647"]
[WhiteCountry "BRA"]
[BlackCountry "USA"]
[Result "1-0"]

1. e4 e6 2. d4 d5 3. Nd2 dxe4 4. Nxe4 Nd7 5. Nf3 Ngf6 6. Nxf6+ Nxf6 7. Be2 c5 
8. O-O cxd4 9. Qxd4 Qxd4 10. Nxd4 Bd7 11. Bf3 O-O-O 12. Bf4 Ne8 13. c4 Bd6 
14. Be3 Nc7 15. Rac1 Be5 16. b4 Kb8 17. b5 Bc8 18. Nb3 Ne8 19. Rfe1 f6 
20. a4 Rd3 21. Nc5 Ra3 22. Red1 Bd6 23. Nd3 Rxa4 24. c5 Be7 25. b6 e5 
26. bxa7+ Kxa7 27. c6+ b6 28. Rb1 Ra6 29. Be2 Bf5 30. Nb4 Ra3 31. Rd7+ Bxd7 
32. cxd7 Kb7 33. Nd5 Kc6 34. dxe8=Q+ Rxe8 35. Bb5+ Kxd5 36. Bxe8 Bc5 
37. Bf7+ Kc6 38. Bxc5 bxc5 39. Rd1 Ra7 40. Bd5+ Kc7 41. Bg8 h6 42. Be6 Ra4 
43. Rd7+ Kc6 44. Kf1 c4 45. Rxg7 Kd6 46. Bf5 e4 47. Bxe4 c3 48. Bh7 Ra2 
49. Ke1 Ra1+ 50. Ke2 Ra2+ 51. Ke3 c2 52. Kd2 c1=Q+ 53. Kxc1 Rxf2 54. Be4 
1-0

[Event "34th Chess Olympiad (men)"]
[Site "Istanbul"]
[Date "2000.11.05"]
[Round "8.8.2"]
[White "Gulko, Boris F"]
[Black "Lima, Darcy"]
[WhiteElo "2643"]
[BlackElo "2525"]
[WhiteCountry "USA"]
[BlackCountry "BRA"]
[Result "1-0"]

1. d4 Nf6 2. c4 e6 3. Nc3 d5 4. cxd5 Nxd5 5. e4 Nxc3 6. bxc3 c5 7. Nf3 cxd4 
8. cxd4 Bb4+ 9. Bd2 Bxd2+ 10. Qxd2 O-O 11. Bc4 b6 12. O-O Bb7 13. Rfe1 Nd7 
14. a4 Rc8 15. Bd3 e5 16. d5 Nc5 17. Bc4 f6 18. Nh4 Qd7 19. Qe2 g6 20. a5 Qd6 
21. h3 Rb8 22. Nf3 Kg7 23. Nd2 f5 24. axb6 axb6 25. Ra7 fxe4 26. Nxe4 Nxe4 
27. Qxe4 Rf4 28. Qe2 Kh8 29. Bb3 Rb4 30. Qb2 Kg8 31. Qa3 
1-0

[Event "34th Chess Olympiad (men)"]
[Site "Istanbul"]
[Date "2000.11.05"]
[Round "8.8.3"]
[White "Limp, Eduardo"]
[Black "Kaidanov, Gregory S"]
[WhiteElo "2480"]
[BlackElo "2624"]
[WhiteCountry "BRA"]
[BlackCountry "USA"]
[Result "0-1"]

1. d4 e6 2. Nf3 c5 3. c3 Nf6 4. Bg5 h6 5. Bxf6 Qxf6 6. e3 Nc6 7. Nbd2 d5 
8. Be2 Bd6 9. O-O O-O 10. Re1 Rd8 11. Qc2 b6 12. Rad1 Bb7 13. Qb1 Rac8 
14. Bf1 Bb8 15. g3 Bd6 16. Bg2 a5 17. a3 Bf8 18. Bf1 Rc7 19. Bg2 Ba6 20. a4 Rb8 
21. Bf1 Bxf1 22. Rxf1 b5 23. axb5 Rxb5 24. Qa2 c4 25. Rb1 Rcb7 26. Qa4 Qf5 
27. Rfc1 Qd3 28. Nf1 Bd6 29. Ne1 Qf5 30. Rc2 e5 31. Rd1 e4 32. Rdd2 Nd8 
33. Kg2 Ne6 34. Qa1 Ng5 35. Qd1 Qh3+ 36. Kg1 a4 37. f4 exf3 38. Nxf3 Ne4 
39. Rg2 a3 40. bxa3 Rb1 41. Qe2 Ra1 42. N3d2 Nxd2 43. Rxd2 Rbb1 44. Rf2 Bxg3 
0-1

[Event "34th Chess Olympiad (men)"]
[Site "Istanbul"]
[Date "2000.11.05"]
[Round "8.8.4"]
[White "Yermolinsky, Alex"]
[Black "Braga, Cicero"]
[WhiteElo "2596"]
[BlackElo "2426"]
[WhiteCountry "USA"]
[BlackCountry "BRA"]
[Result "1-0"]

1. d4 Nf6 2. c4 g6 3. Nc3 Bg7 4. e4 d6 5. h3 O-O 6. Bg5 c5 7. d5 e6 8. Bd3 exd5 
9. cxd5 Re8 10. Nf3 c4 11. Bc2 b5 12. a3 a6 13. O-O Nbd7 14. Re1 Bb7 
15. Qd2 Qb6 16. Be3 Qc7 17. Rad1 Nc5 18. Bd4 Rad8 19. Nh2 Rd7 20. Ng4 Qd8 
21. Nh6+ Kf8 22. e5 Nxd5 23. Nxd5 Bxd5 24. exd6 Rxe1+ 25. Rxe1 Nd3 
26. Bxd3 cxd3 27. Qf4 Be6 28. Rxe6 d2 29. Qxd2 fxe6 30. Qf4+ Ke8 31. Bxg7 Rxg7 
32. Qe5 Qc8 33. Kh2 Qc4 
1-0

[Event "34th Chess Olympiad (men)"]
[Site "Istanbul"]
[Date "2000.11.05"]
[Round "8.9.1"]
[White "Shirov, Alexei"]
[Black "Kveinys, Aloyzas"]
[WhiteElo "2746"]
[BlackElo "2522"]
[WhiteCountry "ESP"]
[BlackCountry "LTU"]
[Result "1-0"]

1. e4 c5 2. Nf3 e6 3. d4 cxd4 4. Nxd4 a6 5. Bd3 Bc5 6. Nb3 Be7 7. c4 d6 
8. Nc3 Nf6 9. O-O Nbd7 10. f4 b6 11. Be3 Bb7 12. Qf3 Nc5 13. Nxc5 bxc5 
14. Qh3 Nd7 15. e5 dxe5 16. f5 Nf6 17. Rad1 Qb6 18. fxe6 Qxe6 19. Bf5 Qxc4 
20. Bg5 h5 21. b3 Qb4 22. a3 Qb6 23. Na4 Qc7 24. Bxf6 gxf6 25. Rd7 Qc6 
26. Nc3 Rg8 27. Ne4 Qxe4 28. Bxe4 Bxe4 29. Rf2 f5 30. Rd1 c4 31. Qc3 cxb3 
32. Re2 Kf8 33. Qxb3 Re8 34. Qc3 h4 35. Rd7 Rg7 36. a4 Bg5 37. Rb2 Kg8 
38. Rc7 Kh7 39. Rd7 Reg8 40. Kf1 f6 41. Rxg7+ Rxg7 42. Qc8 f4 43. Rb8 Kg6 
44. Qc4 Bf5 45. Rg8 h3 46. Rxg7+ Kxg7 47. Qxa6 hxg2+ 48. Kxg2 e4 49. Qb5 Kg6 
50. a5 f3+ 51. Kg3 Bd2 52. Qd5 f2 53. Kxf2 e3+ 54. Kf3 Bc2 55. a6 
1-0